00873cam 2200253u 45000010009000000050017000090080041000260350021000679060045000880100017001330400019001500430012001690500019001811000035002002450033002352600045002683000019003136500050003326500073003826500042004557000049004979910042005460990031005881018997620020822163815.0830701s1940 nyu 000 0 eng  9(DLC) 40034372 a0bcbccpremunvduencipf19gy-gencatlg a 40034372  aDLCcCarPdDLC an-us---00aM1629.D748bT71 aDownes, Olin,d1886-1955,eed.12aA treasury of American song, aNew York,bHowell, Soskin & co.c[c1940] a351 p.c33 cm. 0aFolk-songszUnited States. [from old catalog] 0aFolk-songszUnited StatesxHistory and criticism. [from old catalog] 0aBallads, American. [from old catalog]1 aSiegmeister, Elie,d1909- [from old catalog] bc-MusichM1629.D748iT7tCopy 1wPREM adownes-treasury-1072300201